000 01371nam a2200337 a 4500
001 ebr10490804
003 CaPaEBR
006 m u
007 cr cn|||||||||
008 110914s2001 enkad sb 001 0 eng d
010 _z 98046502
020 _z1857882210
020 _z9781857882216
020 _z9781857884777 (e-book)
040 _aCaPaEBR
_cCaPaEBR
035 _a(OCoLC)56350418
050 1 4 _aHD58.7
_b.M37 2001eb
100 1 _aMarx, Elisabeth.
245 1 0 _aBreaking through culture shock
_h[electronic resource] :
_bwhat you need to succeed in international business /
_cElisabeth Marx.
250 _aUpdated pbk. ed.
260 _aLondon :
_bNicholas Brealey Pub.,
_c2001.
300 _axvi, 241 p. :
_bill.
504 _aIncludes bibliographical references and index.
505 0 _apt. 1. Experiencing culture shock : learning to adapt -- pt. 2. Conquering culture shock : achieving success.
533 _aElectronic reproduction.
_bPalo Alto, Calif. :
_cebrary,
_d2011.
_nAvailable via World Wide Web.
_nAccess may be limited to ebrary affiliated libraries.
650 0 _aCorporate culture.
650 0 _aBusiness etiquette.
655 7 _aElectronic books.
_2local
710 2 _aebrary, Inc.
856 4 0 _uhttp://site.ebrary.com/lib/rucke/Doc?id=10490804
_zAn electronic book accessible through the World Wide Web; click to view
999 _c229415
_d229415